000 01491nam a2200217Ia 4500
003 Ost
005 20260507075309.0
008 260507s9999||||xx |||||||||||||| ||und||
040 _cfsecg
041 _aara
082 _a330
100 _aعطية ناصف، إيمان
_eمؤلف
245 0 _aمبادئ الاقتصاد الكلي /
_c إيمان عطية ناصف
260 _aالاسكندرية:
_bالمكتب الجامعي الحديث,
_c2008
300 _a320 صفحة؛
_bإيضاحات ؛
_c25 سم
520 _aمقدمات أساسية في قياس مستوى النشاط الاقتصادي مع الحسابات القومية و نماذج التدفق الدائري للدخل القومي ، الطلب الكلي و محدداته : الاستهلاك ، الاستثمار ، الطلب الحكومي و الطلب الخارجي مع التطرق الى تحديد توازن الدخل القومي في اقتصاد مغلق بدون حكومة و اقتصاد مفتوح مع وجود حكومة ، وكذلك النقود و البنوك و مشكلة التضخم و البطالة و عجز الموازنة العامة في الاقتصاد الكلي و اخيرا اهمية التجارة الخارجية و السياسة التدارية ، ميزان المدفوعات و سوق الصرف الاجنبي.
653 _aالاقتصاد
653 _aالاقتصاد الكلي
653 _aالدخل القومي
942 _cكتاب
999 _c43839
_d43839